Las doctrinas fundamentales reinantes sobre el delito y la pena en sus interiores contradicciones : (Record no. 163696)

MARC details
000 -LEADER
campo de control de longitud fija 01265nam a2200253 i 4500
001 - NÚMERO DE CONTROL
campo de control 163696
003 - IDENTIFICADOR DE NÚMERO DE CONTROL
campo de control ES-MaACL
005 - FECHA Y HORA DE LA ÚLTIMA TRANSACCIÓN
campo de control 20231221194635.0
008 - DATOS DE LONGITUD FIJA--INFORMACIÓN GENERAL
campo de control de longitud fija 951113s1876 sp |||| | spa d
080 ## - NÚMERO DE LA CLASIFICACIÓN DECIMAL UNIVERSAL
Número de la Clasificación Decimal Universal 343.211
100 1# - ENTRADA PRINCIPAL--NOMBRE DE PERSONA
Nombre de persona Röder, Karl David August.
9 (RLIN) 132237
245 14 - MENCIÓN DEL TÍTULO
Título Las doctrinas fundamentales reinantes sobre el delito y la pena en sus interiores contradicciones :
Resto del título ensayo crítico preparatorio para la renovación del derecho penal /
Mención de responsabilidad, etc. Carlos David Augusto Röder ; traducido del alemán por Francisco Giner.
250 ## - MENCION DE EDICION
Mención de edición 3ª ed., rev. y corr. por el autor y aum. con una memoria del mismo sobre la "Reforma del sistema penal español".
260 ## - PUBLICACIÓN, DISTRIBUCIÓN, ETC.
Lugar de publicación, distribución, etc. Madrid :
Nombre del editor, distribuidor, etc. Librería de Victoriano Suárez,
Fecha de publicación, distribución, etc. 1876 (
Fabricante Imp. de J.M. Pérez)
300 ## - DESCRIPCIÓN FÍSICA
Extensión 366 p. ;
Dimensiones 18 cm.
505 8# - NOTA DE CONTENIDO CON FORMATO
Nota de contenido con formato Contiene: Reforma del sistema penal español mediante el régimen celular
530 ## - NOTA DISPONIBLE DE FORMULARIO FÍSICO ADICIONAL
Nota de formato físico adicional disponible Disponible en formato digital.
650 #4 - PUNTO DE ACCESO ADICIONAL DE MATERIA--TÉRMINO DE MATERIA
Término de materia o nombre geográfico como elemento de entrada Teoría de la pena.
9 (RLIN) 141747
650 ## - PUNTO DE ACCESO ADICIONAL DE MATERIA--TÉRMINO DE MATERIA
Término de materia o nombre geográfico como elemento de entrada Derecho penitenciario-
Subdivisión geográfica España.
9 (RLIN) 176229
700 1# - ENTRADA AGREGADA--NOMBRE PERSONAL
Nombre de persona Giner de los Ríos, Francisco,
Fechas asociadas al nombre 1839-1915
9 (RLIN) 57122
852 ## - LOCALIZACIÓN
Ubicación ES-MaACL
Número de control de estantería F-12598
Nota libre - Enc. hol.
856 ## - LOCALIZACIÓN Y ACCESO ELECTRÓNICOS
Identificador Uniforme de Recursos <a href="http://bdh-rd.bne.es/viewer.vm?id=0000113442&page=1 ">http://bdh-rd.bne.es/viewer.vm?id=0000113442&page=1 </a>
Nota pública Biblioteca Digital Hispánica
Holdings
Estatus retirado Estado de pérdida Estado de daño No para préstamo Colección Biblioteca de origen Biblioteca actual Ubicación en estantería Fecha de adquisición Fuente de adquisición Total de préstamos Signatura topográfica completa Código de barras Visto por última vez Precio de reemplazo Tipo de ítem Koha
        Colección digital Biblioteca del Ateneo de Madrid Biblioteca del Ateneo de Madrid Sala Pecera Planta 2 17/01/2008     F-12598 1171541 23/02/2023 23/02/2023 Libro impreso antiguo